Ptáci podle obrázku #7 - Statistics

General Stats
  • This quiz has been taken 15 times
  • The average score is 7 of 18
Answer Stats
Picture Answer % Correct
Sokol stěhovavý
100%
Sup africký
100%
Tučňák skalní
100%
Datel chocholatý
92%
Tukan obrovský
92%
Papoušek šedý
62%
Člunozobec africký
31%
Jeřáb kanadský
31%
Kasuár přílbový
31%
Perlička supí
23%
Kolpík královský
15%
Terej modronohý
15%
Fregatka vznešená
8%
Hoacin chocholatý
8%
Tetřívek pelyňkový
8%
Zoborožec vrásčitý
8%
Drozd stěhovavý
0%
Potu velký
0%
No matching quizzes found
Score Distribution
Percent of People with Each Score
Percentile by Number Answered
Your Score History
You have not taken this quiz